Surgery of the chest / (Record no. 4773)

000 -LEADER
fixed length control field 01096pam a2200337 a 4500
001 - CONTROL NUMBER
control field 3870779
003 - CONTROL NUMBER IDENTIFIER
control field OSt
005 - DATE AND TIME OF LATEST TRANSACTION
control field 20220329094813.0
008 - FIXED-LENGTH DATA ELEMENTS--GENERAL INFORMATION
fixed length control field 890502s1990 pauaf b 001 0 eng c
010 ## - LIBRARY OF CONGRESS CONTROL NUMBER
LC control number 89010150
020 ## - INTERNATIONAL STANDARD BOOK NUMBER
International Standard Book Number 0721622178 (set)
020 ## - INTERNATIONAL STANDARD BOOK NUMBER
International Standard Book Number 0721622186 (v. 1)
020 ## - INTERNATIONAL STANDARD BOOK NUMBER
International Standard Book Number 0721622194 (v. 2)
040 ## - CATALOGING SOURCE
Original cataloging agency DNLM/DLC
Transcribing agency ALUPE UNIVERSITY
Modifying agency DLC
050 00 - LIBRARY OF CONGRESS CALL NUMBER
Classification number RD536
Item number .G48 1990
060 ## - NATIONAL LIBRARY OF MEDICINE CALL NUMBER
Classification number WF 980 S961
082 00 - DEWEY DECIMAL CLASSIFICATION NUMBER
Classification number 617.5/4
Edition number 20
245 00 - TITLE STATEMENT
Title Surgery of the chest /
Statement of responsibility, etc. [edited by] David C. Sabiston, Jr., Frank C. Spencer.
250 ## - EDITION STATEMENT
Edition statement 5th ed.
260 ## - PUBLICATION, DISTRIBUTION, ETC.
Place of publication, distribution, etc. Philadelphia :
Name of publisher, distributor, etc. Saunders,
Date of publication, distribution, etc. 1990.
300 ## - PHYSICAL DESCRIPTION
Extent 2 v. (xxii, 1978, lxxxiv p., [4] p. of plates) :
Other physical details ill. (some col.) ;
Dimensions 29 cm.
500 ## - GENERAL NOTE
General note Rev. ed. of: Gibbon' surgery of the chest. 4th ed. 1983.
504 ## - BIBLIOGRAPHY, ETC. NOTE
Bibliography, etc. note Includes bibliographies and index.
650 #0 - SUBJECT ADDED ENTRY--TOPICAL TERM
Topical term or geographic name entry element Chest
General subdivision Surgery.
650 #2 - SUBJECT ADDED ENTRY--TOPICAL TERM
Topical term or geographic name entry element Thoracic Surgery.
700 1# - ADDED ENTRY--PERSONAL NAME
Personal name Sabiston, David C.,
Dates associated with a name 1924-2009.
700 1# - ADDED ENTRY--PERSONAL NAME
Personal name Spencer, Frank Cole.
700 1# - ADDED ENTRY--PERSONAL NAME
Personal name Gibbon, John Heysham.
906 ## - LOCAL DATA ELEMENT F, LDF (RLIN)
a 7
b cbc
c orignew
d 1
e ocip
f 19
g y-gencatlg
942 ## - ADDED ENTRY ELEMENTS (KOHA)
Source of classification or shelving scheme
Koha item type Book
Suppress in OPAC JO
Holdings
Withdrawn status Lost status Source of classification or shelving scheme Damaged status Not for loan Permanent Location Current Location Shelving location Date acquired Source of acquisition Total Checkouts Full call number Barcode Date last seen Price effective from Koha item type Public note
          AU LIBRARY AU LIBRARY Open Shelf 29.03.2022 DONATION FROM MOI UNIVERSITY   RD536 .G48 1990 28007097 29.03.2022 29.03.2022 Book JO

Powered by Koha